[Event "IX Floripa Chess Open Fort Atacadista"]
[Site "Florianópolis - Santa Catari"]
[Date "2023.01.26"]
[Round "6.79"]
[White "Soares, Joao Carlos T. C."]
[Black "Zabala, Antonio Murara"]
[Result "1/2-1/2"]
[WhiteElo "2062"]
[BlackElo "1761"]
[PlyCount "47"]
[EventDate "2023.01.23"]
[EventRounds "10"]
[EventCountry "BRA"]

1. d4 Nf6 2. c4 g6 3. Nc3 d5 4. Nf3 Bg7 5. Bf4 O-O 6. Rc1 c5 7. dxc5 dxc4 8. e3
Na6 9. c6 Qa5 10. Bxc4 Ne4 11. O-O Nxc3 12. bxc3 bxc6 13. Bg5 Qc7 14. Qa4 Nb8
15. Qa3 Re8 16. Be2 h6 17. Bh4 c5 18. Rfd1 Bb7 19. Bb5 Rc8 20. Bg3 Qb6 21. Rb1
Bxf3 22. gxf3 Qf6 23. Qa5 Nc6 24. Bxc6 1/2-1/2

[Event "IX Floripa Chess Open Fort Atacadista"]
[Site "Florianópolis - Santa Catari"]
[Date "2023.01.26"]
[Round "6.80"]
[White "Eger, Laura Luisa"]
[Black "Oliveira, Tiago Batista"]
[Result "1-0"]
[WhiteElo "1800"]
[BlackElo "2047"]
[PlyCount "75"]
[EventDate "2023.01.23"]
[EventRounds "10"]
[EventCountry "BRA"]

1. e4 c5 2. Nf3 Nc6 3. Bb5 d6 4. O-O Bd7 5. Re1 a6 6. Bxc6 Bxc6 7. d4 cxd4 8.
Nxd4 Nf6 9. Nc3 e6 10. a4 Be7 11. Bd2 Bd7 12. Qf3 O-O 13. Nb3 b5 14. a5 Bc6 15.
Qd3 Rc8 16. f3 b4 17. Na2 Bb5 18. Qe3 d5 19. e5 d4 20. Nxd4 Bc5 21. c3 Nd5 22.
Qe4 b3 23. Nc1 Nb4 24. Ncxb3 Bd3 25. Qe3 Nc2 26. Qxd3 Bxd4+ 27. Nxd4 Nxa1 28.
Rxa1 Rc5 29. Qxa6 Rxe5 30. Qb6 Qa8 31. Nc6 Rh5 32. a6 Kh8 33. Qb7 Rd5 34. Bf4
Qe8 35. a7 Qa8 36. Qxa8 Rxa8 37. Bb8 h5 38. b4 1-0

[Event "IX Floripa Chess Open Fort Atacadista"]
[Site "Florianópolis - Santa Catari"]
[Date "2023.01.26"]
[Round "6.81"]
[White "Teixeira, Jonas Carvalho"]
[Black "Sekula, Markley Ribas"]
[Result "0-1"]
[WhiteElo "1791"]
[BlackElo "2040"]
[PlyCount "60"]
[EventDate "2023.01.23"]
[EventRounds "10"]
[EventCountry "BRA"]

1. e4 e5 2. Nf3 Nc6 3. Bb5 a6 4. Ba4 Nf6 5. O-O b5 6. Bb3 Be7 7. c3 O-O 8. Re1
d6 9. h3 Na5 10. Bc2 c5 11. d4 Qc7 12. d5 Bd7 13. Nbd2 Nb7 14. Nf1 c4 15. Be3
a5 16. a4 bxa4 17. Bxa4 Bxa4 18. Rxa4 Nxe4 19. N3d2 Nec5 20. Rxc4 Qd7 21. Qe2
Rfc8 22. f4 f6 23. Ng3 f5 24. b4 Na4 25. Rxc8+ Rxc8 26. c4 axb4 27. fxe5 dxe5
28. Qf2 g6 29. Ra1 Nac5 30. Rf1 Nd3 0-1

[Event "IX Floripa Chess Open Fort Atacadista"]
[Site "Florianópolis - Santa Catari"]
[Date "2023.01.26"]
[Round "6.82"]
[White "Da Silva, Daniel Pereira"]
[Black "Raimundo, Airton Carlos Nunes"]
[Result "1-0"]
[WhiteElo "1775"]
[BlackElo "2023"]
[PlyCount "43"]
[EventDate "2023.01.23"]
[EventRounds "10"]
[EventCountry "BRA"]

1. d4 f5 2. c4 Nf6 3. Nf3 g6 4. Nc3 Bg7 5. g3 O-O 6. Bg2 d6 7. O-O Nc6 8. b3 e5
9. dxe5 dxe5 10. Ba3 Rf7 11. Qxd8+ Nxd8 12. Nxe5 c6 13. Nxf7 Nxf7 14. Rad1 Be6
15. e4 Ng4 16. exf5 Bxf5 17. Ne4 Nge5 18. h3 h6 19. f4 Nd7 20. Nd6 Be6 21. Rfe1
Nf8 22. Nxb7 1-0

[Event "IX Floripa Chess Open Fort Atacadista"]
[Site "Florianópolis - Santa Catari"]
[Date "2023.01.26"]
[Round "6.83"]
[White "Mendonca, Erico"]
[Black "Ibanez, Marcelo"]
[Result "0-1"]
[WhiteElo "1756"]
[BlackElo "2014"]
[PlyCount "82"]
[EventDate "2023.01.23"]
[EventRounds "10"]
[EventCountry "BRA"]

1. e4 e5 2. Nf3 Nc6 3. Bc4 Nf6 4. d3 Be7 5. Nbd2 O-O 6. O-O d6 7. c3 Na5 8. Bb5
a6 9. Ba4 c5 10. Re1 Bg4 11. Nf1 b5 12. Bc2 Nc6 13. h3 Bh5 14. Ng3 Bg6 15. Nh2
d5 16. Qf3 d4 17. Nf5 c4 18. Nxe7+ Qxe7 19. Bg5 Rfd8 20. Ng4 Rd6 21. Rad1 Rad8
22. Qg3 Qe6 23. Nxf6+ gxf6 24. Bh6 f5 25. f4 fxe4 26. Rxe4 cxd3 27. Bb3 exf4
28. Rxe6 fxg3 29. Rxd6 Rxd6 30. Bf4 Rd7 31. a4 Na5 32. Ba2 dxc3 33. bxc3 Bh5
34. Rd2 bxa4 35. Kf1 Nb3 36. Bxb3 axb3 37. Ke1 a5 38. Rb2 Re7+ 39. Kf1 a4 40.
Bxg3 Be2+ 41. Kf2 Bd1 0-1

[Event "IX Floripa Chess Open Fort Atacadista"]
[Site "Florianópolis - Santa Catari"]
[Date "2023.01.26"]
[Round "6.84"]
[White "De Siqueira, Luigy Lira"]
[Black "Gadea, Fernando"]
[Result "1-0"]
[WhiteElo "2011"]
[BlackElo "1768"]
[PlyCount "67"]
[EventDate "2023.01.23"]
[EventRounds "10"]
[EventCountry "BRA"]

1. e4 e6 2. d4 d5 3. Nd2 Nf6 4. e5 Nfd7 5. Bd3 c5 6. c3 Nc6 7. Ne2 cxd4 8. cxd4
f6 9. exf6 Nxf6 10. O-O Bd6 11. Nf3 O-O 12. Be3 Bd7 13. Nc3 Rc8 14. Rc1 Qe8 15.
Re1 Qh5 16. h3 Kh8 17. Be2 Qe8 18. Bg5 a6 19. Bf1 Qd8 20. Bd3 b5 21. Ne5 Nxd4
22. Bxh7 Bxe5 23. Bg6 Nf5 24. Rxe5 Nh6 25. Bh4 b4 26. Ne2 Rxc1 27. Qxc1 Qb8 28.
Bg3 Rc8 29. Qe3 Qb7 30. Bh4 Nf5 31. Rxf5 exf5 32. Bxf6 Be8 33. Qh6+ Kg8 34.
Qh7+ 1-0

[Event "IX Floripa Chess Open Fort Atacadista"]
[Site "Florianópolis - Santa Catari"]
[Date "2023.01.26"]
[Round "6.85"]
[White "Urquiza, Marcello De Albuque"]
[Black "Mariot Vaz, Joao Antonio Bertol"]
[Result "1-0"]
[WhiteElo "2007"]
[BlackElo "1756"]
[PlyCount "57"]
[EventDate "2023.01.23"]
[EventRounds "10"]
[EventCountry "BRA"]

1. e4 c5 2. Nf3 e6 3. d4 cxd4 4. Nxd4 Nf6 5. Nc3 d6 6. Be2 Be7 7. O-O O-O 8.
Be3 Nc6 9. Nb3 a6 10. a4 Bd7 11. f4 Qc7 12. a5 Rac8 13. Bf3 Nb4 14. Rf2 Bc6 15.
Bb6 Qb8 16. Qe1 Rfe8 17. Rd2 h6 18. Qe2 d5 19. e5 Nd7 20. Bd4 Nf8 21. Qf2 g5
22. Bh5 Ng6 23. f5 Nxe5 24. fxe6 Rf8 25. Qf5 f6 26. Bxe5 Qxe5 27. Qg6+ Kh8 28.
Qxh6+ Kg8 29. Bg6 1-0

[Event "IX Floripa Chess Open Fort Atacadista"]
[Site "Florianópolis - Santa Catari"]
[Date "2023.01.26"]
[Round "6.86"]
[White "Parijos De Melo, Luiz Claudio"]
[Black "Souza, Marcos Valerio A."]
[Result "0-1"]
[WhiteElo "1737"]
[BlackElo "1989"]
[PlyCount "40"]
[EventDate "2023.01.23"]
[EventRounds "10"]
[EventCountry "BRA"]

1. e4 e5 2. Nf3 Nc6 3. Bb5 g6 4. d4 exd4 5. Nxd4 Bg7 6. Nxc6 bxc6 7. Ba4 Ba6 8.
Nc3 Qe7 9. Be3 Nf6 10. f3 O-O 11. Qd2 Rfd8 12. O-O-O d5 13. exd5 cxd5 14. Bc6
Rab8 15. Na4 Qd6 16. Qc3 Bc4 17. Qxc4 dxc4 18. Rxd6 Rxd6 19. Bxa7 Rbd8 20. Nc3
Rxc6 0-1

[Event "IX Floripa Chess Open Fort Atacadista"]
[Site "Florianópolis - Santa Catari"]
[Date "2023.01.26"]
[Round "6.87"]
[White "Sanchez, Ivan Roberto"]
[Black "Ccerhuayo Escobedo, Mels Leopold"]
[Result "0-1"]
[WhiteElo "1731"]
[BlackElo "1988"]
[PlyCount "56"]
[EventDate "2023.01.23"]
[EventRounds "10"]
[EventCountry "BRA"]

1. d4 Nf6 2. c4 e6 3. Nc3 Bb4 4. Qc2 c5 5. Nf3 O-O 6. a3 Bxc3+ 7. Qxc3 Nc6 8.
dxc5 Ne4 9. Qc2 Qa5+ 10. Bd2 Nxd2 11. Qxd2 Qxc5 12. Rc1 Rd8 13. e4 Qh5 14. Qd6
b6 15. Be2 Qg6 16. e5 Qe4 17. h4 h5 18. Rh3 Bb7 19. Kf1 Rac8 20. Bd3 Qf4 21.
Rc3 f6 22. Bg6 Nxe5 23. Nxe5 fxe5 24. b3 Rf8 25. Rc2 Qg4 26. Bxh5 Qxg2+ 27. Ke1
Qxh3 28. Qxd7 Qh1+ 0-1

[Event "IX Floripa Chess Open Fort Atacadista"]
[Site "Florianópolis - Santa Catari"]
[Date "2023.01.26"]
[Round "6.88"]
[White "Sergio, Claudio Santos"]
[Black "Melo, Igor De Souza"]
[Result "0-1"]
[WhiteElo "1981"]
[BlackElo "1749"]
[PlyCount "59"]
[EventDate "2023.01.23"]
[EventRounds "10"]
[EventCountry "BRA"]

1. d4 d5 2. f4 Bf5 3. e3 e6 4. Nf3 Nf6 5. Bd3 Bd6 6. O-O O-O 7. Qe2 Nbd7 8.
Nbd2 c5 9. Ne5 c4 10. Bxf5 exf5 11. c3 g6 12. Kh1 b5 13. Rg1 a5 14. b3 Re8 15.
bxc4 bxc4 16. h3 Bxe5 17. fxe5 Ne4 18. Nxe4 fxe4 19. Ba3 Ra6 20. Rab1 f6 21.
exf6 Nxf6 22. Rb5 Qd7 23. Rgb1 Nh5 24. Qe1 Ree6 25. Qh4 Qc7 26. Kg1 Qg3 27.
Qxg3 Nxg3 28. Re1 Rf6 29. Rb8+ Kg7 30. Rd8 0-1

[Event "IX Floripa Chess Open Fort Atacadista"]
[Site "Florianópolis - Santa Catari"]
[Date "2023.01.26"]
[Round "6.89"]
[White "Silverio, Vitor Luis De Jesus"]
[Black "Nascimento, Pedro Henrique Alve"]
[Result "1/2-1/2"]
[WhiteElo "1682"]
[BlackElo "1978"]
[PlyCount "68"]
[EventDate "2023.01.23"]
[EventRounds "10"]
[EventCountry "BRA"]

1. e4 e6 2. d4 d5 3. Nc3 Bb4 4. e5 Ne7 5. a3 Bxc3+ 6. bxc3 c5 7. Qg4 O-O 8. Nf3
f5 9. exf6 Rxf6 10. Bg5 Rf8 11. Bd3 Nbc6 12. Ne5 Nxe5 13. dxe5 Qe8 14. Bxh7+
Kxh7 15. Qh4+ Kg8 16. Bxe7 Rf5 17. Bd6 b6 18. O-O Ba6 19. Rfe1 Qg6 20. f4 Re8
21. h3 Rh5 22. Qg4 Qxg4 23. hxg4 Rh4 24. Kf2 Rxg4 25. Kf3 Rh4 26. Rh1 Rxh1 27.
Rxh1 Bb7 28. Ke3 Rc8 29. Rg1 Kf7 30. g4 Rh8 31. Kf2 Rh2+ 32. Rg2 Rh3 33. Rg3
Rh2+ 34. Rg2 Rh3 1/2-1/2

[Event "IX Floripa Chess Open Fort Atacadista"]
[Site "Florianópolis - Santa Catari"]
[Date "2023.01.26"]
[Round "6.90"]
[White "Silva, Gabryel Lunardi Car"]
[Black "Pertuzatti, Daniel"]
[Result "1-0"]
[WhiteElo "1697"]
[BlackElo "1973"]
[PlyCount "69"]
[EventDate "2023.01.23"]
[EventRounds "10"]
[EventCountry "BRA"]

1. e4 Nf6 2. e5 Nd5 3. c4 Nb6 4. c5 Nd5 5. Nc3 e6 6. Bc4 Nxc3 7. dxc3 Bxc5 8.
Qg4 g6 9. Bh6 Nc6 10. Nf3 Bf8 11. Bg5 Be7 12. Bh6 d5 13. Bd3 f5 14. Qg3 Kf7 15.
h4 Qg8 16. Qf4 Bf8 17. Bxf8 Qxf8 18. O-O-O h6 19. g4 Qe7 20. gxf5 exf5 21. Rdg1
Be6 22. Rg3 Rag8 23. Rhg1 Qc5 24. Kb1 Ne7 25. Nd4 Qb6 26. Qf3 a6 27. h5 g5 28.
Bxf5 Nxf5 29. Nxf5 Bxf5+ 30. Qxf5+ Ke7 31. e6 Rf8 32. Qe5 Qd6 33. Qg7+ Ke8 34.
Qg6+ Ke7 35. Re3 1-0

[Event "IX Floripa Chess Open Fort Atacadista"]
[Site "Florianópolis - Santa Catari"]
[Date "2023.01.26"]
[Round "6.91"]
[White "Nobre, Jailson Altair Barb"]
[Black "Custodio, Leandro"]
[Result "0-1"]
[WhiteElo "1669"]
[BlackElo "1964"]
[PlyCount "82"]
[EventDate "2023.01.23"]
[EventRounds "10"]
[EventCountry "BRA"]

1. Nf3 Nc6 2. c4 Nf6 3. d4 d6 4. Nc3 Bg4 5. e3 e5 6. Be2 g6 7. h3 Bd7 8. d5 Ne7
9. e4 Bg7 10. O-O O-O 11. Nh2 Ne8 12. Bg4 f5 13. exf5 gxf5 14. Be2 Ng6 15. Nf3
Nh4 16. Ng5 f4 17. Ne6 Bxe6 18. dxe6 f3 19. gxf3 Ng6 20. f4 Qh4 21. f5 Rxf5 22.
Bg4 Rf4 23. Nd5 Rxc4 24. Ne3 Rf4 25. Nf5 Rxf5 26. Bxf5 Nf6 27. Qb3 Ne7 28. Bg4
Nxg4 29. hxg4 Qxg4+ 30. Kh2 Rf8 31. Qh3 Qg6 32. Be3 Rf5 33. Qg3 Rh5+ 34. Kg2
Qe4+ 35. f3 Qxe3 36. Rae1 Qd2+ 37. Qf2 Qf4 38. Rh1 Rg5+ 39. Kf1 Nf5 40. e7 Kf7
41. Qh4 Nxh4 0-1

[Event "IX Floripa Chess Open Fort Atacadista"]
[Site "Florianópolis - Santa Catari"]
[Date "2023.01.26"]
[Round "6.92"]
[White "Messias, Jose Vitor Lamosa P"]
[Black "Dubrovich, Igor"]
[Result "1/2-1/2"]
[WhiteElo "1661"]
[BlackElo "1962"]
[PlyCount "39"]
[EventDate "2023.01.23"]
[EventRounds "10"]
[EventCountry "BRA"]

1. e4 c5 2. Nf3 d6 3. d4 cxd4 4. Qxd4 Nf6 5. Nc3 Nc6 6. Bb5 Bd7 7. Bxc6 Bxc6 8.
Bg5 e6 9. O-O-O Be7 10. Rhe1 O-O 11. Bxf6 Bxf6 12. Qxd6 Qa5 13. Qd2 Rfd8 14.
Qe3 Bxc3 15. Rxd8+ Rxd8 16. Qxc3 Qxa2 17. b3 Qa3+ 18. Kb1 Qd6 19. Ne5 Be8 20.
Re3 1/2-1/2

[Event "IX Floripa Chess Open Fort Atacadista"]
[Site "Florianópolis - Santa Catari"]
[Date "2023.01.26"]
[Round "6.93"]
[White "Oliveira, Danyel Angelo Aquin"]
[Black "Montiel Caceres, Helen"]
[Result "1-0"]
[WhiteElo "1954"]
[BlackElo "1723"]
[PlyCount "125"]
[EventDate "2023.01.23"]
[EventRounds "10"]
[EventCountry "BRA"]

1. d4 Nf6 2. Nf3 e6 3. Bg5 h6 4. Bh4 d5 5. c4 g5 6. Bg3 Ne4 7. Nc3 Nxg3 8. hxg3
Bg7 9. e3 Nc6 10. cxd5 exd5 11. Qb3 Ne7 12. Bd3 c6 13. Qc2 Be6 14. Rb1 Rc8 15.
b4 a6 16. Na4 Rc7 17. Nc5 Qc8 18. Rc1 Nf5 19. Nd2 Nd6 20. Na4 Re7 21. Nb3 Bf5
22. Bxf5 Nxf5 23. Qd3 O-O 24. Nb6 Qe6 25. Nc5 Qg6 26. O-O Rfe8 27. g4 Nd6 28.
Qxg6 fxg6 29. a4 Bf6 30. Rb1 Ne4 31. Nxe4 Rxe4 32. b5 axb5 33. axb5 Bd8 34.
bxc6 bxc6 35. Rfc1 R4e6 36. Nd7 Be7 37. Rb6 Rc8 38. Ne5 Bf6 39. Rbxc6 Rexc6 40.
Rxc6 Rxc6 41. Nxc6 Kf7 42. Nb4 Ke6 43. Kf1 Kd6 44. Ke2 Bd8 45. Nd3 Bf6 46. Nc5
Bd8 47. f3 Bf6 48. Kd3 h5 49. e4 Be7 50. exd5 Kxd5 51. Ne4 h4 52. Nc3+ Kd6 53.
Ke4 Bf6 54. Nd5 Bd8 55. Ne3 Kc6 56. d5+ Kc5 57. Ke5 Bc7+ 58. Ke6 Bf4 59. Nd1
Bg3 60. Nc3 Bf4 61. Ne4+ Kb6 62. d6 Kc6 63. d7 1-0

[Event "IX Floripa Chess Open Fort Atacadista"]
[Site "Florianópolis - Santa Catari"]
[Date "2023.01.26"]
[Round "6.94"]
[White "Gazola, Vanessa Ramos"]
[Black "Campagnolo, Fabiola"]
[Result "1-0"]
[WhiteElo "1949"]
[BlackElo "1682"]
[PlyCount "51"]
[EventDate "2023.01.23"]
[EventRounds "10"]
[EventCountry "BRA"]

1. d4 Nf6 2. c4 g6 3. Nc3 Bg7 4. e4 d6 5. Be2 O-O 6. Bg5 c5 7. d5 Qb6 8. Qd2 e6
9. Nf3 exd5 10. exd5 Bf5 11. Nh4 Ne4 12. Nxe4 Bxe4 13. f3 Qxb2 14. Rc1 Qxd2+
15. Kxd2 h6 16. Be7 Re8 17. Bxd6 Bd4 18. fxe4 Rxe4 19. Nf3 Be3+ 20. Kd3 Bxc1
21. Kxe4 f5+ 22. Kd3 Ba3 23. Kc2 Nd7 24. Bd3 Bb4 25. Ne5 Nxe5 26. Bxe5 1-0

[Event "IX Floripa Chess Open Fort Atacadista"]
[Site "Florianópolis - Santa Catari"]
[Date "2023.01.26"]
[Round "6.95"]
[White "Brand, Leticia Soethe"]
[Black "Soares, Renan Barbosa Monte"]
[Result "0-1"]
[WhiteElo "1657"]
[BlackElo "1941"]
[PlyCount "62"]
[EventDate "2023.01.23"]
[EventRounds "10"]
[EventCountry "BRA"]

1. e4 c5 2. Nf3 d6 3. d4 cxd4 4. Nxd4 Nf6 5. Nc3 a6 6. h3 e5 7. Nde2 h5 8. g3
Be6 9. Bg2 Be7 10. O-O O-O 11. Be3 Nbd7 12. Qd2 Rc8 13. Nd5 Bxd5 14. exd5 b5
15. a4 Nb6 16. axb5 Nc4 17. Qc1 Nxe3 18. fxe3 axb5 19. Ra6 Rc5 20. Nc3 Qb8 21.
Qd2 Rfc8 22. Rc6 Qb7 23. Ne4 Nxe4 24. Bxe4 g6 25. g4 hxg4 26. hxg4 Qd7 27. Qg2
Bg5 28. Qh3 Kg7 29. Qf3 R8xc6 30. dxc6 Qe6 31. Bd5 Qxd5 0-1

[Event "IX Floripa Chess Open Fort Atacadista"]
[Site "Florianópolis - Santa Catari"]
[Date "2023.01.26"]
[Round "6.96"]
[White "Seccafim, Caic Dos Santos"]
[Black "Colaco, Willian Wagner Soar"]
[Result "1-0"]
[WhiteElo "1936"]
[BlackElo "1681"]
[PlyCount "37"]
[EventDate "2023.01.23"]
[EventRounds "10"]
[EventCountry "BRA"]

1. e4 c5 2. Nf3 Nc6 3. Bb5 a6 4. Bxc6 bxc6 5. Nc3 d6 6. O-O Bg4 7. h3 Bh5 8. d3
Nf6 9. g4 Bg6 10. Nh4 e5 11. Nf5 h6 12. f4 Qc7 13. fxe5 dxe5 14. Be3 O-O-O 15.
b3 Qa5 16. Na4 Nxe4 17. Qf3 Ng5 18. Qxc6+ Qc7 19. Nb6+ 1-0

[Event "IX Floripa Chess Open Fort Atacadista"]
[Site "Florianópolis - Santa Catari"]
[Date "2023.01.26"]
[Round "6.97"]
[White "Muniz, Henrique Rocha"]
[Black "Heinechen, John"]
[Result "0-1"]
[WhiteElo "1657"]
[BlackElo "1935"]
[PlyCount "54"]
[EventDate "2023.01.23"]
[EventRounds "10"]
[EventCountry "BRA"]

1. e4 c5 2. Nf3 Nc6 3. d3 g6 4. g3 Bg7 5. Bg2 d6 6. O-O e5 7. c3 Nge7 8. Be3
O-O 9. d4 exd4 10. cxd4 Bg4 11. d5 Nd4 12. Nbd2 Qd7 13. Bxd4 Bxd4 14. Qb3 Bg7
15. h3 Bxh3 16. Bxh3 Qxh3 17. Qxb7 Rae8 18. Qxa7 h6 19. Rab1 g5 20. Nh2 Ng6 21.
Rfe1 Bd4 22. Ndf1 Ne5 23. Ne3 g4 24. Re2 Nf3+ 25. Nxf3 gxf3 26. Rc2 Rxe4 27.
Re1 Re5 0-1

[Event "IX Floripa Chess Open Fort Atacadista"]
[Site "Florianópolis - Santa Catari"]
[Date "2023.01.26"]
[Round "6.98"]
[White "Reichert, Thiago Da Cruz"]
[Black "Miranda, Marina Lima"]
[Result "1/2-1/2"]
[WhiteElo "1930"]
[BlackElo "1672"]
[PlyCount "64"]
[EventDate "2023.01.23"]
[EventRounds "10"]
[EventCountry "BRA"]

1. d4 Nf6 2. Nf3 g6 3. g3 Bg7 4. Bg2 O-O 5. O-O c6 6. c4 d5 7. Nc3 Nbd7 8. Qb3
e6 9. Bg5 Qb6 10. c5 Qa6 11. Qc2 b6 12. b4 Qc4 13. Qb3 Qxb3 14. axb3 bxc5 15.
bxc5 e5 16. Nxe5 Nxe5 17. dxe5 Ng4 18. f4 Rb8 19. Rfb1 Rb7 20. h3 h6 21. hxg4
hxg5 22. e4 d4 23. Ne2 Rd8 24. Bf3 d3 25. Rd1 gxf4 26. gxf4 g5 27. Rab1 Rdd7
28. Nc1 d2 29. Ne2 gxf4 30. Rb2 Bxe5 31. Rbxd2 Rxd2 32. Rxd2 Be6 1/2-1/2

[Event "IX Floripa Chess Open Fort Atacadista"]
[Site "Florianópolis - Santa Catari"]
[Date "2023.01.26"]
[Round "6.99"]
[White "Rodriguez Farias, Eduardo"]
[Black "Reis, Virginia Lagrange M"]
[Result "1/2-1/2"]
[WhiteElo "1919"]
[BlackElo "1652"]
[PlyCount "62"]
[EventDate "2023.01.23"]
[EventRounds "10"]
[EventCountry "BRA"]

1. e4 c5 2. c3 g6 3. d4 cxd4 4. cxd4 d5 5. e5 Nc6 6. h3 Bg7 7. Nc3 a6 8. Nge2
e6 9. Be3 Nge7 10. Ng3 O-O 11. Bd3 f6 12. f4 fxe5 13. fxe5 Nxe5 14. dxe5 d4 15.
Qd2 dxe3 16. Qxe3 Qc7 17. O-O-O Bxe5 18. Nge2 Nd5 19. Qd2 Nxc3 20. bxc3 Rf2 21.
Kb1 Bd7 22. Qe3 Raf8 23. Rd2 Bc6 24. Bc4 Bd5 25. Bxd5 exd5 26. Rxd5 Bg7 27.
Rhd1 Rxe2 28. Qxe2 Qxc3 29. Qe6+ Kh8 30. R1d2 Qa1+ 31. Kc2 Qc3+ 1/2-1/2

[Event "IX Floripa Chess Open Fort Atacadista"]
[Site "Florianópolis - Santa Catari"]
[Date "2023.01.26"]
[Round "6.100"]
[White "Calcada, Lucas Galvan"]
[Black "Schena, Arthur"]
[Result "0-1"]
[WhiteElo "1638"]
[BlackElo "1918"]
[PlyCount "84"]
[EventDate "2023.01.23"]
[EventRounds "10"]
[EventCountry "BRA"]

1. Nf3 Nf6 2. c4 g6 3. b4 Bg7 4. Bb2 O-O 5. g3 d6 6. Bg2 e5 7. d3 a5 8. b5 Nbd7
9. O-O a4 10. Na3 Nc5 11. Qc2 Bg4 12. h3 Bxf3 13. Bxf3 Qc8 14. Bg2 Ne6 15. e3
Nd7 16. Rad1 f5 17. d4 e4 18. f4 exf3 19. Bxf3 Nf6 20. Qg2 Rb8 21. Nb1 Ng5 22.
Nc3 Nxf3+ 23. Qxf3 c6 24. Ba3 cxb5 25. Nxb5 Qxc4 26. Nxd6 Qxa2 27. Ra1 Qd5 28.
Qxd5+ Nxd5 29. Kf2 Rfd8 30. Rab1 b6 31. Nb5 Nf6 32. Nc3 Rdc8 33. Bb4 Rxc3 34.
Bxc3 Ne4+ 35. Kg2 Nxc3 36. Rb2 Nd5 37. Kf3 Re8 38. Re1 Bxd4 39. Rb5 Bc5 40. h4
Nb4 41. Rb1 Rxe3+ 42. Kg2 Rb3 0-1

[Event "IX Floripa Chess Open Fort Atacadista"]
[Site "Florianópolis - Santa Catari"]
[Date "2023.01.26"]
[Round "6.101"]
[White "Amarilla Ettiene, Ezequiel"]
[Black "Muzzi, Eduardo"]
[Result "1/2-1/2"]
[WhiteElo "1616"]
[BlackElo "1917"]
[PlyCount "50"]
[EventDate "2023.01.23"]
[EventRounds "10"]
[EventCountry "BRA"]

1. e4 c5 2. Nf3 Nc6 3. d4 cxd4 4. Nxd4 e5 5. Nb5 a6 6. Nd6+ Bxd6 7. Qxd6 Qf6 8.
Qxf6 Nxf6 9. Nc3 d5 10. Bg5 Nxe4 11. Nxd5 O-O 12. Be3 Bf5 13. Bc4 Nf6 14. Nb6
Rad8 15. Rc1 Nd4 16. Bd3 Bxd3 17. cxd3 Nc6 18. Ke2 Nd5 19. Nc4 Rfe8 20. Rhd1 h6
21. g3 f5 22. Bc5 Re6 23. Ne3 g6 24. Nxd5 Rxd5 25. b4 Kf7 1/2-1/2

[Event "IX Floripa Chess Open Fort Atacadista"]
[Site "Florianópolis - Santa Catari"]
[Date "2023.01.26"]
[Round "6.102"]
[White "De Paula, Bruno Cesar Lima"]
[Black "Cerrato, Alex"]
[Result "1/2-1/2"]
[WhiteElo "1591"]
[BlackElo "1915"]
[PlyCount "203"]
[EventDate "2023.01.23"]
[EventRounds "10"]
[EventCountry "BRA"]

1. e4 Nc6 2. d4 e5 3. d5 Nce7 4. Nf3 Ng6 5. h4 h5 6. Bg5 f6 7. Be3 Bb4+ 8. Nbd2
Nh6 9. c3 Ba5 10. Nc4 Bb6 11. Nxb6 axb6 12. d6 c5 13. Qd5 Nf7 14. Bc4 O-O 15.
g4 hxg4 16. h5 Nf4 17. Bxf4 gxf3 18. h6 g6 19. Bxe5 Kh7 20. Bf4 b5 21. Bd3 Qb6
22. Bc2 Qc6 23. Qd3 b6 24. Rg1 Ne5 25. Qf1 Qxd6 26. Rxg6 Kxg6 27. Qg1+ Kf7 28.
Qg7+ Ke8 29. h7 Qe7 30. h8=Q Rxh8 31. Qxh8+ Qf8 32. Qh5+ Qf7 33. Qh8+ Qf8 34.
Qh2 d6 35. O-O-O Be6 36. Qh7 Rxa2 37. Qc7 Qe7 38. Qb8+ Qd8 39. Qxd8+ Kxd8 40.
Rxd6+ Bd7 41. Kb1 Ra6 42. Rxf6 Ng4 43. Rg6 Nxf2 44. Be3 Ng4 45. Bxc5 f2 46. Bd3
Ne5 47. Rg8+ Kc7 48. Bxf2 Nxd3 49. Bg3+ Kc6 50. Rg6+ Kb7 51. Rd6 Bc6 52. Re6
Ra8 53. Re7+ Ka6 54. b4 Rg8 55. Bc7 Re8 56. Rxe8 Bxe8 57. Kc2 Nf2 58. e5 Kb7
59. Bd8 Ng4 60. e6 Ne5 61. Bf6 Nc6 62. Kd3 Kc7 63. Ke4 Kd6 64. Kd3 Kxe6 65. Bh8
Kd5 66. Kc2 Ne5 67. Kb3 Bf7 68. Bg7 Ke4+ 69. Kc2 Bc4 70. Bf6 Ng4 71. Bd4 Ne3+
72. Kd2 Nd5 73. Bg1 Ke5 74. Bd4+ Kd6 75. Bg1 Kc6 76. Bd4 Ne7 77. Bh8 Ba2 78.
Bd4 Nc8 79. Kd3 Kd5 80. Bg1 Bb1+ 81. Kd2 Kc4 82. Bd4 Bg6 83. Be5 Kd5 84. Bd4
Nd6 85. Kc1 Kc4 86. Kb2 Ne4 87. Bg7 Kd3 88. Bd4 Bf7 89. Bg7 Nf2 90. Kc1 Bb3 91.
Kb2 Ba4 92. Bd4 Nd1+ 93. Ka3 Nxc3 94. Bxb6 Kc4 95. Bc5 Ne4 96. Bg1 Kc3 97. Bh2
Kc2 98. Ka2 Bb3+ 99. Ka1 Kc3 100. Be5+ Kxb4 101. Bg7 Nd2 102. Bc3+ 1/2-1/2

[Event "IX Floripa Chess Open Fort Atacadista"]
[Site "Florianópolis - Santa Catari"]
[Date "2023.01.26"]
[Round "6.103"]
[White "Feller, Gabriela Luisa Vice"]
[Black "Ramazzotte, Alexandre Franco"]
[Result "1/2-1/2"]
[WhiteElo "1914"]
[BlackElo "1649"]
[PlyCount "138"]
[EventDate "2023.01.23"]
[EventRounds "10"]
[EventCountry "BRA"]

1. d4 e6 2. c4 d5 3. cxd5 exd5 4. Nf3 Nf6 5. Bg5 Be7 6. Bxf6 Bxf6 7. Qc2 Qe7 8.
e3 Bg4 9. Be2 O-O 10. O-O c6 11. Nc3 Bh5 12. a3 Nd7 13. b4 Rfe8 14. b5 Bg6 15.
Bd3 Rac8 16. Rfc1 Qd6 17. Bxg6 hxg6 18. Qb3 Nb6 19. bxc6 bxc6 20. Qb4 c5 21.
dxc5 Qxc5 22. Qxc5 Rxc5 23. Ne2 Rec8 24. Rxc5 Rxc5 25. Ned4 Rc3 26. Kf1 Nc4 27.
a4 Ne5 28. Rd1 Nxf3 29. Nxf3 Ra3 30. Rxd5 Rxa4 31. Nd4 Kf8 32. Nc6 Ke8 33. Ke2
Ra6 34. Nb4 Rb6 35. Nd3 Ke7 36. Ra5 Rb7 37. Ra6 Kd8 38. Nc5 Rc7 39. Ne4 Be7 40.
f4 Kc8 41. h3 Kb7 42. Ra4 Kb6 43. g4 Kb5 44. Ra1 a5 45. Kd3 Bb4 46. f5 gxf5 47.
gxf5 a4 48. f6 g6 49. Kd4 a3 50. Kd3 Ka4 51. Ng3 Bd6 52. Ne2 Be5 53. Nd4 Bxf6
54. Rxa3+ Kxa3 55. Nb5+ Kb4 56. Nxc7 Kc5 57. e4 Be5 58. Nd5 Kd6 59. Ke3 Kc5 60.
Ne7 Kd6 61. Nd5 Kd7 62. Nb6+ Ke8 63. Nd5 Kf8 64. Kf3 Kg7 65. Kg4 Kh6 66. Ne3
Bd4 67. Nd5 f6 68. Nf4 Be5 69. Nd3 Ba1 1/2-1/2